[Event "GER-chT North U16"]
[Site "Greifswald"]
[Date "2013.09.13"]
[Round "3.4"]
[White "Ender, Paul Marius"]
[Black "Guenther, Alexander"]
[Result "1-0"]
[WhiteElo "1519"]
[BlackElo "1488"]
[PlyCount "43"]
[EventDate "2013.09.12"]
[EventType "team-swiss"]
[EventRounds "7"]
[EventCountry "GER"]
[SourceTitle "EXT 2014"]
[Source "ChessBase"]
[SourceDate "2013.11.20"]
[SourceVersion "1"]
[SourceVersionDate "2013.11.20"]
[SourceQuality "1"]
[WhiteTeam "Potsdam"]
[BlackTeam "Stade"]
[WhiteTeamCountry "GER"]
[BlackTeamCountry "GER"]

1. e4 c5 2. b3 Nc6 3. Bb2 d6 4. Nc3 e5 5. Bc4 Nf6 6. Nge2 Be7 7. 0-0 0-0 8. f4 exf4 9. Nxf4 a6 10. a3 b5 11. Bd5 Qb6 12. Bxc6 Qxc6 13. Ncd5 Nxd5 14. Nxd5 Bd8 15. Qf3 Be6 16. Qg3 g6 17. Nf6+ Bxf6 18. Bxf6 h6 19. Rf4 c4 20. Rh4 Qc5+ 21. Kh1 h5 22. b4 1-0

[Event "Niedersachsen-ch open"]
[Site "Verden"]
[Date "2010.01.06"]
[Round "7.62"]
[White "Roemer, Helmut"]
[Black "Guenther, Alexander"]
[Result "1-0"]
[WhiteElo "1672"]
[BlackElo "1114"]
[PlyCount "107"]
[EventDate "2010.01.03"]
[EventType "swiss"]
[EventRounds "7"]
[EventCountry "GER"]
[SourceTitle "EXT 2012"]
[Source "ChessBase"]
[SourceDate "2011.11.24"]
[SourceVersion "1"]
[SourceVersionDate "2011.11.24"]
[SourceQuality "1"]

1. d4 d5 2. c4 c6 3. Nc3 e6 4. Nf3 Bd6 5. c5 Bc7 6. a3 f5 7. Bg5 Nf6 8. Ne5 h6 9. Ng6 Rg8 10. e3 hxg5 11. Be2 Kd7 12. b4 b6 13. 0-0 Ba6 14. b5 Bxb5 15. Nxb5 cxb5 16. Bxb5+ Kc8 17. Rc1 Nbd7 18. cxb6 Nxb6 19. Ba6+ Kb8 20. Qc2 Qd6 21. Ne5 Nc4 22. Rb1+ Bb6 23. Nxc4 dxc4 24. Rfc1 Rh8 25. g3 Kc7 26. Qxc4+ Kd7 27. a4 Qd5 28. Bb5+ Ke7 29. Qb4+ Kf7 30. Bc6 Qa5 31. Qxa5 Bxa5 32. Bxa8 Rxa8 33. Rb7+ Kg6 34. Re7 Re8 35. Rxa7 Bb6 36. Rb7 Ba5 37. Rc5 Be1 38. Kf1 Bxf2 39. Kxf2 Ng4+ 40. Ke2 Nxh2 41. Rcc7 Rg8 42. Re7 Kf6 43. Rf7+ Kg6 44. a5 Ng4 45. a6 Nh6 46. Rfe7 Kf6 47. a7 g4 48. Rec7 Rf8 49. Rb8 Rxb8 50. axb8Q Kg5 51. Rxg7+ Kh5 52. Qe8+ Nf7 53. Qxf7+ Kh6 54. Qg6# 1-0

[Event "Niedersachsen-ch open"]
[Site "Verden"]
[Date "2010.01.04"]
[Round "4.66"]
[White "Guenther, Alexander"]
[Black "Vonhoff, Joerg"]
[Result "0-1"]
[WhiteElo "1114"]
[BlackElo "1711"]
[PlyCount "92"]
[EventDate "2010.01.03"]
[EventType "swiss"]
[EventRounds "7"]
[EventCountry "GER"]
[SourceTitle "EXT 2012"]
[Source "ChessBase"]
[SourceDate "2011.11.24"]
[SourceVersion "1"]
[SourceVersionDate "2011.11.24"]
[SourceQuality "1"]

1. e4 c5 2. Nf3 d6 3. d4 cxd4 4. Nxd4 Nf6 5. Nc3 a6 6. Bc4 e6 7. Bg5 Be7 8. 0-0 b5 9. Bb3 b4 10. Nce2 Nxe4 11. Bxe7 Qxe7 12. Ba4+ Bd7 13. Bxd7+ Qxd7 14. Qd3 d5 15. f3 Nf6 16. Qb3 a5 17. c3 bxc3 18. Nxc3 0-0 19. f4 Nc6 20. Ncb5 Rfb8 21. Nxc6 Qxc6 22. a4 Ne4 23. Rfc1 Qb6+ 24. Kh1 Nf2+ 25. Kg1 Nd3+ 26. Kh1 Nxc1 27. Rxc1 Rc8 28. Rxc8+ Rxc8 29. Qd1 Qe3 30. Nc3 Qxf4 31. g3 Qf2 32. h4 Qxb2 33. Ne2 Rc2 34. Kh2 Rxe2+ 35. Kh3 Rh2+ 36. Kg4 Qe2+ 37. Qxe2 Rxe2 38. Kh5 Ra2 39. g4 Rxa4 40. Kg5 Re4 41. Kh5 a4 42. Kg5 a3 43. Kh5 a2 44. Kg5 a1Q 45. Kh5 Qd1 46. Kg5 Qxg4# 0-1